000 02657cam a22002891i 4500
003 SA-RiAUC
005 20240925061959.0
008 240925s1966 le g 000 0 ara c
040 _aQA-DoQUL
_bara
_cSA-RiAUC
_erda
082 0 4 _a216
090 _a216
_bع ق ا
100 1 _aالعقاد، عباس،
_d1889-1964
_eمؤلف.
245 1 0 _aحقائق الإسلام وأباطيل خصومه /
_cعباس محمود العقاد.
250 _aالطبعة الثالثة.
264 1 _aبيروت :
_bدار الكاتب العربي،
_c1966
300 _a391 صفحة ؛
_c24 سم
336 _aنص
_btxt
_2rdacontent
_3كتاب
337 _aبدون وسيط
_bn
_2rdamedia
338 _aمجلد
_bnc
_2rdacarrier
650 7 _aالإسلام
_xدفع مطاعن
_2aucsh
650 7 _aالإسلام والغزو الفكري
_2aucsh
856 _uhttps://www.hindawi.org/books/13082050.pdf
_yDigital Copy
_2 نرجو الانتباه لإمكانية وجود اختلاف في الطبعة أو الناشر بين البيانات على البوابة وما ستجده على الكتاب نظرا لمحدودية المعلومات المتاحة على الموقع الناشر للمادة.
_3Please note that there may be a difference in the edition or publisher between the data on the portal and the book due to the limited information available on the publisher website for the material.
856 _uhttps://s3.amazonaws.com/images.hindawi.org/kalimat/covers/svg/270x360/13082050.svg
_yCoverImage
_2 نرجو الانتباه لإمكانية وجود اختلاف في الطبعة أو الناشر بين البيانات على البوابة وما ستجده على الكتاب نظرا لمحدودية المعلومات المتاحة على الموقع الناشر للمادة.
_3Please note that there may be a difference in the edition or publisher between the data on the portal and the book due to the limited information available on the publisher website for the material.
856 _uhttps://www.hindawi.org/books/13082050/
_yExternal Link
_2 نرجو الانتباه لإمكانية وجود اختلاف في الطبعة أو الناشر بين البيانات على البوابة وما ستجده على الكتاب نظرا لمحدودية المعلومات المتاحة على الموقع الناشر للمادة.
_3Please note that there may be a difference in the edition or publisher between the data on the portal and the book due to the limited information available on the publisher website for the material.
942 _2ddc
_cBOOK
_n0
949 _aSA-JeALM
_d240925
_umohamedma123
_n1
999 _c539
_d539